[Event "EU-ch 3rd"]
[Site "Batumi"]
[Date "2002.06.20"]
[Round "8"]
[White "Delchev, Aleksander"]
[Black "Volkov, Sergey"]
[Result "0-1"]
[WhiteElo "2550"]
[BlackElo "2609"]
[Annotator "Psakhis,L"]
[PlyCount "78"]
[EventDate "2002.06.12"]
[EventType "swiss"]
[EventRounds "13"]
[EventCountry "GEO"]
[SourceTitle "CBM 090"]
[Source "ChessBase"]
[SourceDate "2002.09.20"]
[SourceVersion "1"]
[SourceVersionDate "2002.09.20"]
[SourceQuality "1"]

1. e4 e6 2. d4 d5 3. e5 c5 4. c3 Qb6 5. Nf3 Bd7 6. a3 a5 7. b3 {Quite rare
move. As usual White continue} (7. Be2 {for example} a4 8. O-O Nc6 9. dxc5 Bxc5
10. c4 Nge7 11. Nc3 Nd4 12. cxd5 Nxe2+ 13. Qxe2 Nxd5 14. Nxd5 exd5 15. Rd1 Bb5
16. Qe1 Bc4 $11 {1/2-1/2 Peng Xiaomin-Kaidanov,G/USA-China Summit Seattle 2001/
CBM 82 (25)}) 7... Ne7 (7... Na6 8. Bd3 Ne7 9. O-O Rc8 10. Bc2 Nc6 11. Be3 Be7
12. Re1 h6 13. Nbd2 cxd4 14. cxd4 Na7 15. Ra2 Nc7 16. Nb1 Ncb5 {0-1 Vatter,
H-Eingorn,V/Bad Woerishofen op 1999 (39)}) 8. dxc5 $146 {It is not very often
is possible to make novelty on the 8th move nowdays!} ({After} 8. Be2 cxd4 9.
cxd4 Bb5 10. Bxb5+ Qxb5 11. Nc3 Qa6 12. a4 Nec6 13. Nb5 Qb6 14. O-O h6 15. Ba3
Bxa3 16. Rxa3 O-O 17. Ra1 Na6 $11 {1/2-1/2 Zvjaginsev,V-Volkov,S/RUS t-ch St.
Petersburg 1999/CBM 71 (20) Black managed to equalize}) 8... Qxc5 9. c4 Qc7 10.
Nc3 ({Worth considering} 10. Bb2 $5 {[%cal Gb1d2]}) 10... Bc6 11. Bb2 Nd7 ({
In the case of} 11... a4 $5 12. cxd5 (12. Nb5 Bxb5 13. cxb5 axb3 $13) 12...
Nxd5 13. Nxd5 Bxd5 14. Bb5+ Bc6 (14... Nc6 15. bxa4 $14) 15. Bxc6+ Nxc6 16. b4
$14 {white's chances are slightly better}) 12. cxd5 ({White could try to play} 
12. Nb5 Bxb5 13. cxb5 Ng6 14. Rc1 Bc5 $13 {[%cal Gc7d8,Gd8e7] and this
position is not easy to evaluate.} (14... Qb8 15. b6 $1)) 12... Nxd5 13. Nb5 (
13. Nxd5 Bxd5 14. Bb5 Rd8 15. Rc1 Qb6 $11) 13... Qb6 14. Nbd4 $6 ({I would
prefer} 14. Bd4 $5 {and after} Bc5 15. Bxc5 Qxc5 16. Rc1 $36 {Black stuck to
difficult defence}) 14... a4 $1 15. Bc4 ({After} 15. b4 {Black can sacrifice
piece -} Nxb4 $5 16. axb4 Bxb4+ (16... Bxf3 $5) 17. Ke2 (17. Nd2 a3 18. Nxc6
bxc6 19. Bc1 Qd4 $40 {[%csl Re1]}) 17... O-O $44 {and it will take long time
before white's king will get safe place.}) 15... axb3 16. O-O Nc5 17. Nxb3 (17.
Nxc6 bxc6 18. Nd2 Na4 $13) 17... Ba4 {[%cal Ra4d1]} 18. Nfd2 Nxb3 19. Nxb3 ({
After} 19. Bxb3 $5 Bxb3 20. Nxb3 Be7 $11 {Black has mostly symbolic character})
19... Rc8 20. Bxd5 $2 ({Black's chances are higher and after} 20. Bd4 Qc6 21.
Rc1 Bxa3 $5 22. Bb5 (22. Bxd5 Qxc1 23. Qxc1 Bxc1 24. Bxb7 Rb8 $17) 22... Bxb5
23. Rxc6 bxc6 24. Re1 c5 $15 {[%csl Gb5,Gd5] but text leads to big troubles
for White.}) 20... exd5 21. e6 Qxb3 (21... Bxb3 22. Qh5 Rc7 23. Rae1 $44) 22.
Qg4 fxe6 (22... Qxb2 $5 {could be reasonable alternative, for example} 23.
exf7+ (23. Qxa4+ b5 24. Qa6 Qc2 25. Qxb5+ Qc6) 23... Kxf7 24. Qxc8 Bc6 $17) (
22... f5 23. Qxf5 Qxb2 24. e7 Kxe7 25. Qxc8 $40) 23. Rab1 $2 (23. Qxe6+ $142
Kd8 24. Bf6+ gxf6 25. Qxf6+ Kc7 26. Qxh8 Qd3 $17) 23... d4 $1 24. Bxd4 Qd5 25.
Rfe1 (25. Bxg7 Rc4 $1 26. Qg3 (26. Qxc4 Qxc4 27. Bxh8 Bc6 $19) 26... Rg8 27.
Qb8+ Kf7 28. Rxb7+ (28. Qxb7+ Qxb7 29. Rxb7+ Be7 30. Be5 Bc6 $19) 28... Bd7 29.
Qa7 Ke8 $19) 25... Bd7 26. Re5 Qc4 (26... Qd6 $5) 27. Rbe1 Rc6 28. R5e4 Qd5 29.
Re5 (29. Be5 $142 $1 $17) 29... Qd6 30. h4 Kf7 31. Ba1 (31. Rg5 $5 e5 $1 32.
Qf3+ Kg8 33. Bxe5 Qe7) 31... h6 32. h5 (32. Rd1 $5 Qe7 33. h5) 32... Qxa3 $1
33. R5e3 Qb4 34. Qg6+ Kg8 $19 35. Rd1 (35. Be5 $5) 35... e5 36. Qd3 Rd6 37. Qe2
Bb5 38. Qf3 Qf4 39. Rxd6 Qxf3 0-1

[Event "EU-ch 3rd"]
[Site "Batumi"]
[Date "2002.06.13"]
[Round "2"]
[White "Delchev, Aleksander"]
[Black "Gurevich, Mikhail"]
[Result "0-1"]
[WhiteElo "2550"]
[BlackElo "2641"]
[Annotator "Psakhis,L"]
[PlyCount "74"]
[EventDate "2002.06.12"]
[EventType "swiss"]
[EventRounds "13"]
[EventCountry "GEO"]
[SourceTitle "CBM 090"]
[Source "ChessBase"]
[SourceDate "2002.09.20"]
[SourceVersion "1"]
[SourceVersionDate "2002.09.20"]
[SourceQuality "1"]

1. e4 e6 2. d4 d5 3. e5 c5 4. c3 Nc6 5. Nf3 Bd7 6. Be2 Nge7 7. Na3 cxd4 8. cxd4
Nf5 9. Nc2 Qb6 10. O-O a5 11. b3 ({Alexander Grischuk - new guru in this line
- likes to play} 11. Kh1 $5 {for example} Nb4 (11... Rc8 12. b3 Nb4 13. Ne3
Nxe3 14. Bxe3 Be7 15. Ne1 Bb5 16. f4 f6 17. f5 O-O 18. a3 Bxe2 19. Qxe2 Nc6 {
0-1 Hadzimanolis,A-Barsov,A/Ikaros op 2001/Ajelibre (54)}) 12. Ne3 Rc8 13. Nxf5
exf5 14. Bd2 Be7 15. a3 Nc6 16. Bc3 O-O $13 {0-1 Grischuk,A-Gurevich,M/Esbjerg
North Sea Cup 2000/CBM 78 (30)}) (11. g4 Nfe7 12. Nh4 Ng6 (12... f6 13. exf6
gxf6 14. Be3 Nb4 15. Nxb4 axb4 16. Ng2 Ng6 17. f4 Bd6 18. f5 exf5 19. gxf5 Ne7
20. Bh5+ $36 {0-1 Hendriks,W-Barsov,A/NED t-ch 2000 (38)}) 13. Ng2 Be7 14. f4
O-O 15. Be3 f5 16. exf6 Rxf6 17. Bd3 $6 Bd6 18. h4 Raf8 $132 {0-1 Benjamin,
J-Gulko,B/USA (ch) 1992/ (46)}) 11... Nb4 $146 (11... Rc8 12. Be3 (12. g4 $5
$32 Nh6 (12... Nfe7 13. Nfe1 $1) 13. h3) 12... Nb4 13. Nce1 Bb5 14. Rc1 Rxc1
15. Bxb5+ Qxb5 16. Qxc1 Nc6 $11 {Grinfeld,A-Scher/SUI-ch 1995/0-1 (36)}) 12.
Ne3 Be7 13. Nxf5 exf5 14. a3 Nc6 15. Bb2 {It's quite difficult question -
where to put bishop on b2 or e3} (15. Be3 $5) 15... O-O 16. Ne1 {[%cal Gf2f4]}
Rfc8 (16... Rac8 $5) 17. f4 Rc7 ({Worth considering} 17... a4 $5 {and after,
for example} 18. b4 Na5 19. bxa5 Qxb2 20. Rb1 Qc3 $5 21. Rxb7 Rc7 {Black doing
well.}) 18. g3 {[%cal Ge1g2,Gg2e3,Gg3g4]} g6 (18... a4 $5 19. b4 Na5) 19. Ng2
Be6 20. Ne3 {[%cal Gg3g4]} h5 $5 21. h3 Kg7 {It's became quite clear, that
main fight will be on the king's side and both players finished massive
preparation.} 22. g4 {War begins!} (22. Bf3 Rd8) 22... hxg4 23. hxg4 fxg4 24.
Bxg4 ({I think that White rightly avoided the line} 24. f5 $6 Bg5 $1 25. f6+
$140 Kg8 26. Nxg4 Bxg4 27. Bxg4 Nxe5 $1) 24... Rh8 25. Rf3 {[%cal Gf3g3]} (25.
Bf3 Rd7 26. Qd3 f5 $5) 25... Bd8 {[%cal Gc6e7]} 26. Rg3 ({Unclear
complications starts after} 26. f5 $5 gxf5 27. Nxf5+ (27. Bxf5 Rh4 $5) 27...
Bxf5 28. Rxf5 Nxe5 $1 29. Rxe5 Qg6 30. Re2 f5 31. Rg2 fxg4 32. Rxg4 Bg5 33. Bc1
Rh5 $13) 26... Kf8 27. Qd3 Ne7 28. Rf1 a4 29. b4 Bxg4 30. Rxg4 Qe6 31. f5 $6 {
It is not easy to believe, but White can't safe the game after this move/} ({
Stronger was} 31. Rg3 $132 {with mutial chances}) 31... gxf5 32. Nxf5 Nxf5 33.
Rxf5 {What else?} ({White loses as well after} 33. Qxf5 Qh6 34. Qf4 Qh1+ 35.
Kf2 Qh2+ $19) 33... Rh5 $1 {Surely, Delchev missed this move, when he played
31.f5?} 34. Rff4 Bg5 $1 {Final blow!} 35. Qg3 Bxf4 36. Rg8+ Ke7 37. Qxf4 Qh6
0-1

[Event "Sarajevo Bosnia 30th"]
[Site "Sarajevo"]
[Date "2000.05.26"]
[Round "9"]
[White "Movsesian, Sergei"]
[Black "Morozevich, Alexander"]
[Result "1-0"]
[WhiteElo "2668"]
[BlackElo "2748"]
[Annotator "Psakhis,L"]
[PlyCount "153"]
[EventDate "2000.05.17"]
[EventType "tourn"]
[EventRounds "11"]
[EventCountry "BIH"]
[EventCategory "19"]
[SourceTitle "CBM 077"]
[Source "ChessBase"]
[SourceDate "2000.07.27"]
[SourceVersion "1"]
[SourceVersionDate "2000.07.27"]
[SourceQuality "1"]

1. e4 e6 2. d4 d5 3. e5 c5 4. c3 Bd7 5. Nf3 Nc6 6. Be2 Nge7 7. Na3 cxd4 8. cxd4
Nf5 9. Nc2 Nb4 10. O-O Nxc2 11. Qxc2 Rc8 (11... Qb6 12. Qd3 Rc8 13. Rd1 h6 14.
h4 a6 15. a4 Bb4 16. h5 Ne7 17. Qe3 Nc6 18. Bd3 Na5 19. Bb1 Be7 $13 {0-1
Campora,D-Dreev,A/Biel 1995 (31)}) 12. Qd3 (12. Qb3 Qb6 13. Qxb6 axb6 14. Bd2
Ne7 15. Rfc1 Nc6 16. Rc3 {1/2-1/2 Grosa,A-Dizdar,G/SLO t-ch Bled 1996 (16)})
12... a6 {[%cal Gd7b5]} 13. a4 Bb4 14. Bg5 Qb6 15. h4 h6 {Movsesian has big
experience in this line} 16. Bd2 $146 ({One year ago he played} 16. Bf4 {
and won game very easily -} Be7 17. h5 Rc4 18. Qd1 Rb4 $6 19. Bd2 Nxd4 20. Bxb4
Nxf3+ 21. Bxf3 Qxb4 22. b3 O-O 23. Qd3 Bc5 24. Rac1 {+/- Movsesian,S-Dizdar,G/
Las Vegas 1999/1-0 (40) , but I am sure, he know where Black can improve.})
16... Qa5 {[%cal Gb4d2]} (16... Be7 $5) 17. Bf4 $1 Rg8 (17... O-O 18. g4 $36)
18. g3 (18. g4 Ne7) 18... Kd8 $1 {[%cal Gd8c7,Gc7b8,Gb8a8] Brilliant idea.
Morozevich conducts an artificial Q-side castling.} 19. Qd1 Kc7 20. Bd3 Kb6 $1
(20... Kb8 $2 21. Bxf5 exf5 22. e6+ $16 {[%cal Rf4b8]}) 21. Ne1 $5 {[%cal
Ge1c2]} g5 22. hxg5 hxg5 23. Bc1 Ka7 {Black monarch found finally more or less
safe place.} 24. Nc2 Ka8 (24... Be7 25. Bd2 Qb6 26. b4 $36) 25. Kg2 $13 Rc4 {
[%mdl 512] Typical exchange sacrifice in Petrosian and Andersson's style} 26.
b3 (26. Bxc4 $6 dxc4 {[%cal Rd7c6] Was too dangerous for White}) 26... Rxd4 {
Brave, but surely not obligatory exchange sacrifice} (26... Rcc8 $5 $13 {
promised equal chances}) 27. Nxd4 Nxd4 28. Bh7 $1 Rc8 (28... Rg7 29. Qxd4 Rxh7
30. Be3 $18) 29. Bxg5 (29. Qxd4 Bc3) 29... Nc6 30. Rc1 d4 (30... Nxe5 31. Rxc8+
Bxc8 32. Qh5 $16) 31. Bf4 f5 $6 {Too optimistic, after} (31... Bc3 $142 $14 {
Black has some, but maybe not absolutely enough, compensation.}) 32. exf6 e5
33. Bh6 Qd5+ 34. f3 (34. Qf3 $2 Bh3+) 34... Qe6 35. Rh1 Qxf6 36. Qd3 (36. Be4
$5) 36... Rh8 37. Qg6 Qd8 38. Bg7 Re8 39. Qd3 Ba3 40. Ra1 Bb2 41. Rab1 $18 Nb4
42. Qe2 Bc3 43. Be4 Bc6 ({Deserves attention} 43... Be6 {[%cal Ge6b3]
attacking pawn b3}) 44. Bxc6 Nxc6 45. Qe4 Rg8 46. Bh6 Nb4 47. Rh5 (47. Qxe5 Re8
48. Bg5 $5 Qc8 49. Qf4) 47... Qd6 48. Rbh1 Qe6 49. Rxe5 (49. Qb1 $6 d3 $16 {
[%csl Rb1]}) 49... Qxb3 50. Rhh5 Qa2+ 51. Kh3 Qxa4 {Morozevich managed to win
pawn, but white pieces are too active.} 52. Bf4 Qc6 53. Qxc6 Nxc6 54. Rd5 Rg7
55. Rh6 a5 56. Bc1 Re7 57. Ba3 Re1 58. Rg6 Ka7 59. Bc5+ (59. f4 $5) 59... Ka6
60. Rgd6 Rd1 61. g4 $1 {[%cal Rg4g8] Pawn start run to victory!} a4 62. g5 Bb2
(62... d3 63. Rxd3 Rxd3 64. Rxd3 Bh8 65. Bf8 $18) 63. g6 a3 64. Bxd4 $1 {
Final finesse!} Bxd4 65. Rxd4 Rxd4 (65... Rg1 66. Ra4+ $18) 66. Rxd4 Kb5 (66...
Nxd4 67. g7 a2 68. g8=Q a1=Q 69. Qa8+) 67. g7 Nxd4 (67... Ne7 68. Rd8) 68. g8=Q
Kb4 69. f4 b5 70. Qa2 Ka4 71. Qd2 Nb3 72. Qc2 Kb4 73. f5 Nd4 74. Qd2+ Kc4 75.
f6 b4 76. f7 Ne6 77. Qe2+ 1-0

[Event "Olympiad-36"]
[Site "Mallorca"]
[Date "2004.10.29"]
[Round "14"]
[White "Sveshnikov, Evgeny"]
[Black "Ghane Gardeh, Shojaat"]
[Result "1-0"]
[WhiteElo "2512"]
[BlackElo "2376"]
[Annotator "Psakhis,L"]
[PlyCount "70"]
[EventDate "2004.10.15"]
[EventType "team-swiss"]
[EventRounds "14"]
[EventCountry "ESP"]
[SourceTitle "CBM 104"]
[Source "ChessBase"]
[SourceDate "2005.01.27"]
[SourceVersion "1"]
[SourceVersionDate "2005.01.27"]
[SourceQuality "1"]
[WhiteTeam "Latvia"]
[BlackTeam "Iran"]
[WhiteTeamCountry "LAT"]
[BlackTeamCountry "IRI"]

1. e4 e6 2. d4 d5 3. e5 c5 4. c3 Bd7 5. Nf3 Nc6 6. Be3 Nge7 (6... Nh6 7. Bd3
Ng4 8. O-O Nxe3 9. fxe3 g6 10. Na3 Bh6 11. Nc2 O-O 12. Qe1 Qe7 13. Qg3 f6 14.
exf6 Rxf6 15. Ne5 Nxe5 16. Qxe5 Rxf1+ 17. Rxf1 Re8 18. c4 Bg7 19. Qg3 dxc4 20.
Bxc4 Bc6 21. Qg4 {Adell Corts,F-Romero Holmes,A/Cullera op 2001//1/2-1/2 (36)})
(6... b5 7. Bd3 c4 8. Bc2 Nge7 9. O-O Ng6 10. b3 cxb3 11. axb3 Be7 12. Ne1 O-O
13. f4 f5 14. Nd2 Qc7 15. Ndf3 h6 16. b4 a5 17. Bd2 axb4 18. cxb4 Nxb4 19. Bxb4
Bxb4 20. Rxa8 Rxa8 21. Nd3 {Barreto,P-Santos,N/Amadora op 2003/1-0 (69)}) (6...
cxd4 7. cxd4 Nge7 8. Nc3 Nf5 9. Bd3 Bb4 10. Rc1 Nxe3 11. fxe3 f5 12. exf6 Qxf6
13. O-O Qh6 14. e4 O-O 15. Kh1 Bd6 16. e5 Be7 17. Na4 Nxd4 18. Nxd4 Rxf1+ 19.
Bxf1 Bxa4 20. b3 Bg5 21. Rc3 Bc6 22. Rh3 Qg6 23. Bd3 Qe8 24. Bxh7+ Kf8 25. Qg4
Bh6 26. Rf3+ Ke7 27. Qxe6+ Kd8 28. Qd6+ {1-0 Golubovic,B-Vukelic,T/CRO-Cup
Rabac 2003/}) 7. Bd3 Qb6 $146 (7... cxd4 8. cxd4 Nb4 (8... Nf5 $5 9. Nc3) 9.
Be2 Nf5 10. O-O Be7 11. a3 Nc6 12. b4 O-O 13. b5 Na5 14. Nbd2 Rc8 15. Bd3 Rc3
16. Nb1 Rc8 17. a4 Nc4 18. Bc1 f6 19. Bxf5 exf5 20. Nbd2 fxe5 21. dxe5 Be6 22.
Nb3 {Kupreichik,V-Schafer,M/Muenster 1995/ChessBase/0-1 (43)}) 8. dxc5 (8. Qd2
$5) 8... Qxb2 9. O-O Nf5 (9... Qxa1 10. Qc2 d4 $5 11. Bxd4 (11. Nxd4 Nd5 12.
Nb3 $140 Ncb4 (12... Nxe3 13. fxe3 Nb4 14. Qf2 $5 $132) 13. cxb4 Qxe5) 11...
Nd5 12. Bc4 $132) 10. Bxf5 $8 exf5 11. Nbd2 (11. Qb3 Qxa1 12. Nbd2 Na5 13. Qc2
Qxf1+ 14. Kxf1 Rc8 $13) 11... Qxc3 12. Rb1 $1 {[%cal Gb1b7] White's is ahead
in development, so his chances are higher.} d4 (12... Rb8 $5 13. Nb3 $44) 13.
Rxb7 $1 Bxc5 (13... dxe3 $2 14. Ne4 $18) (13... Bc8 $5 14. Rb3 Qxc5 15. Nxd4
Nxd4 16. Bxd4 $1 Qd5 (16... Qxd4 $2 17. Qf3 $18) 17. Nf3 Be7 $13) 14. Nb3 Bb6
15. Nbxd4 Nxd4 (15... Bxd4 16. Bxd4 $5 $36) 16. Rxd7 $5 {This looks tempting,
but might be not the best objectively.} ({I would prefer} 16. Nxd4 $5 Qc8 $140
17. Qf3 Bxd4 18. Rc1 $36 {with strong pressure.}) 16... Nxf3+ (16... Kxd7 $2
17. Bxd4 Bxd4 18. Nxd4 Ke8 19. Nxf5 Rd8 20. Nxg7+ Ke7 21. Qh5 $18) 17. Qxf3 O-O
(17... Kxd7 $2 18. Rd1+) 18. Qxf5 Rae8 (18... Bxe3 $142 19. fxe3 Qxe3+ 20. Kh1
Qe2 (20... Qc5 $5 {[%cal Cd7f7,Gc5c4]} 21. Rxf7 Rfe8 22. Rd7 Qxe5 23. Qf7+ Kh8
24. Rxa7 h6 $16) 21. Rxf7 $140 Qxf1+ 22. Qxf1 Rxf7) 19. Bxb6 {Unnecessary move,
which could spoil White's victory.} ({I would prefer} 19. Bf4 $5 $36 {[%csl
Ge5] protecting important pawn e5 with clear advantage.}) 19... axb6 (19...
Rxe5 $5 20. Qb1 axb6 21. Qxb6 Re1 22. Rd1 Re6 {with reasonable chances for a
draw.}) 20. f4 Ra8 21. Qb1 Qe3+ 22. Kh1 (22. Rf2 Rfd8) 22... Qe2 23. Rg1 Qxa2
$2 ({After} 23... Qf2 $1 $11 {[%csl Gb6][%cal Cg1f1,Cf1f2,Ga8a2] Black could
hold the position with accurate defence.}) 24. Qxb6 $16 Rab8 (24... Qa4 25. Rd4
) 25. Qd4 h6 26. h3 Qe6 27. Rf1 Rb3 $6 (27... Rb4 $5) ({The lesser evil for
Black was} 27... Qf5 $5 28. Qd3 Qxd3 29. Rxd3) 28. f5 {[%csl Ge5,Gf5]} Qa6 (
28... Qc6 $5) 29. Ra1 Qc6 ({Perhaps Black should have considered} 29... Qb5 $5
{[%cal Gb3b1]}) 30. Kh2 Rb2 31. Rg1 Rb4 (31... Rf2 $5 32. Rxf7 $140 Rxf5 $1)
32. Qxb4 Qxd7 33. Qe4 Qc7 34. Kh1 Re8 35. Re1 Qc3 {To be honest, don't know,
Why Black resigned here.} ({After} 35... Qc3 36. e6 $16 {his position is very
difficult, but maybe it was too early to stop resistance.}) 1-0

[Event "Elgoibar 07th"]
[Site "Elgoibar"]
[Date "1997.11.26"]
[Round "1"]
[White "Romero Holmes, Alfonso"]
[Black "Sion Castro, Marcelino"]
[Result "1-0"]
[WhiteElo "2465"]
[BlackElo "2435"]
[Annotator "Psakhis,L"]
[PlyCount "75"]
[EventDate "1997.11.26"]
[EventType "tourn"]
[EventRounds "9"]
[EventCountry "ESP"]
[EventCategory "10"]
[SourceTitle "CBM 063"]
[Source "ChessBase"]
[SourceDate "1998.03.26"]
[SourceVersion "1"]
[SourceVersionDate "1998.03.26"]
[SourceQuality "1"]

1. e4 e6 2. d4 d5 3. e5 c5 4. c3 Nc6 5. Nf3 Bd7 6. Be2 Nh6 7. Bxh6 gxh6 8. O-O
Qb6 9. Qd2 Bg7 10. Na3 cxd4 11. cxd4 O-O 12. Rae1 {Rare move, usually White
continue here} (12. Nc2 $5 f6 13. exf6 Rxf6 14. b4 Raf8 (14... Ne7 15. Ne5 Rd8
16. b5 Ng6 17. Nxd7 Rxd7 18. f4 Rc7 19. g3 Rf8 20. Rad1 Ne7 21. Ne3 Kh8 22. Kh1
{1/2-1/2 Golod,V-Baklan,V/Berlin op 1997}) 15. b5 Ne7 16. Ne5 Be8 17. g3 h5 18.
a4 h4 19. Bd3 hxg3 20. hxg3 h5 21. Ne3 Bh6 22. a5 Qd8 23. f4 Kh8 24. Qh2 $16 {
1-0 Topalov,V-Bareev,E/Novgorod 1997 (36)}) (12. Rad1 f6 13. exf6 Rxf6 14. Nc2
Raf8 15. b4 a6 16. a4 Na7 17. a5 Qd6 18. Ne5 Bb5 19. Bxb5 Nxb5 $13 {0-1
Kovacocy,P-Polak,T/Hlohovec op 1995 (46)}) 12... f6 13. exf6 Rxf6 {[%csl Rd4,
Re6]} 14. Ne5 (14. Nc2 $5 $14) 14... Be8 {N/ New and maybe not the best move,
it,s will be very difficult for white to get something real after "normal"} (
14... Nxe5 15. dxe5 Rf7 (15... Rf5 16. Bd3 $14) 16. Bd3 Rc8 $5 $13 {[%cal
Gc8c1]} (16... Kh8 17. Kh1 Raf8 18. f4 h5 19. g3 Bc6 20. Qf2 Qxf2 21. Rxf2 Rg8
22. Kg2 Bf8 23. Kh3 $14 {1-0 Pasalic,H-Luther,T/Guxhaven 1993 (62)})) 15. Nc2 (
15. Nxc6 Bxc6 16. b3 Re8 $14) 15... Rf8 (15... Nxe5 16. dxe5 Rf5 17. Bd3 $36) (
15... Qxb2 $2 16. Rb1 Qxa2 17. Ra1 Qb3 18. Rfb1 $18) 16. Nxc6 Qxc6 (16... Bxc6
$5 17. Bg4 Bd7) 17. Bg4 Rf6 18. Nb4 (18. Re2) 18... Qb6 $2 {Allows little
nivce combination} (18... Qd6 $142 $5 19. Nd3 $140 Bb5) 19. Rxe6 $1 Rxe6 20.
Nxd5 Qd6 21. Bxe6+ Qxe6 22. Nc7 Qc8 23. Nxa8 Qxa8 24. d5 $16 {[%csl Rg8][%cal
Rd5d8]} Qd8 25. Rd1 (25. d6 $5) 25... Qd6 26. Qe3 Bh5 27. Rd2 Be5 $5 28. Qxa7
$4 {Terrible mistake, after} (28. Qh3 $142 Bf7 29. Qg4+ Kh8 30. g3 $16 {or}) (
28. g3 {White,s chances clearly better}) 28... Bxh2+ $4 {Black has let it slip
away} (28... Qc7 $142 $1 {Would win game without big troubles, for example} 29.
g4 Qc1+ 30. Kg2 Qxd2 31. gxh5 Qxd5+ 32. f3 Qd2+ $19) 29. Kh1 Bf4 {[%cal Rd6e7]}
30. Qa8+ Kg7 (30... Qf8 $5 31. Qxf8+ Kxf8 32. Rd4 Bd6 33. Rh4 $16) 31. Qxb7+
Bf7 {[%csl Rh1]} 32. Rd3 (32. Rd1 Qe5 33. Kg1 Qh5) 32... Qe5 33. Qb4 Bg6 $6 {
Black had two good alternatives to this move} (33... Qh5+ 34. Kg1 Qh2+ 35. Kf1
Qh1+ 36. Ke2 Bh5+ 37. Rf3 Qc1 $5 $14) (33... Qe2 $1 34. Qd4+ (34. Qxf4 Qxd3 35.
Qe5+ Kg6) 34... Be5 35. Rg3+ $1 Kh8 36. Qc5 Qd1+ 37. Kh2 Qh5+ 38. Kg1 Qd1+ $11
(38... Bxg3 $4 39. Qf8+ Bg8 40. Qf6#)) 34. Rh3 Bf5 $2 (34... Qf5 $142 35. Qe1
Bf7 $14) 35. Rh4 Bg5 $6 {Sion Castro continue hunt for a rook, but this move
could meet easy refutation , from other point of view his position is bad any
case.} (35... Bc1 $5) 36. Qd4 $2 (36. f4 $142 $1 Qxd5 37. fxg5 hxg5 38. Qe7+
$18) 36... Bf6 (36... Kf6 $1) 37. Qxe5 Bxe5 38. Rb4 (38. Rb4 Kf6 39. a4 $18)
1-0

[Event "Corus-B"]
[Site "Wijk aan Zee"]
[Date "2001.01.26"]
[Round "9"]
[White "Hoeksema, Hendrik Pieter"]
[Black "Van der Weide, Karel"]
[Result "0-1"]
[WhiteElo "2382"]
[BlackElo "2463"]
[Annotator "Psakhis,L"]
[PlyCount "68"]
[EventDate "2001.01.13"]
[EventType "tourn"]
[EventRounds "11"]
[EventCountry "NED"]
[EventCategory "10"]
[SourceTitle "CBM 081"]
[Source "ChessBase"]
[SourceDate "2001.03.20"]
[SourceVersion "1"]
[SourceVersionDate "2001.03.20"]
[SourceQuality "1"]

1. e4 e6 2. d4 d5 3. e5 c5 4. c3 Nc6 5. Nf3 Nh6 6. Bd3 cxd4 7. cxd4 Nf5 8. Bc2
Qb6 9. Bxf5 exf5 {A typical pawn structure for this line. I think that black
has more chances to equalize the game than white to get any advantage.} 10. O-O
(10. Nc3 Be6 11. Ne2 h6 12. h4 O-O-O 13. Kf1 Kb8 14. Kg1 Be7 15. Rb1 f4 16.
Nxf4 Bf5 17. Ra1 Be4 18. Ne2 f6 $1 $44 {1/2-1/2 Benjamin,J-Shaked,T/Kona 73/
313 1998/Inf 73 (43)}) 10... Be6 11. Nc3 h6 {[%cal Gg7g5]} (11... Be7 12. Na4
Qb5 13. Be3 b6 14. Ne1 g5 15. f4 g4 16. Nd3 Rc8 17. Nc3 Qa6 18. a4 Nb4 19. Nxb4
Bxb4 20. Nb5 Qa5 21. Qb3 a6 22. Nd6+ Bxd6 23. exd6 Rc4 24. Qd3 Qb4 $13 {
1/2-1/2 Magem Badals,J-Martinez Martin,D/ESP-ch Barcelona 2000/The Week in
Chess 302 (43)}) 12. Na4 Qb5 13. Ne1 g5 $146 (13... Be7 14. Be3 Rc8 15. Nd3 b6
16. Nc3 Qc4 17. Rc1 g5 18. f4 g4 $132 {1-0 Timman,J-Andersson,U/Malmoe 2000/
CBM 77/[Psakhis,L] (30)}) 14. f4 Rg8 15. Be3 gxf4 16. Bxf4 (16. Rxf4 $5 Be7 17.
Rf2) 16... O-O-O 17. a3 (17. Rc1 $142) 17... Rg4 18. Rc1 Kb8 19. h3 $6 {
Just provoces a profitable sacrifice.} ({In the case of} 19. Rf2 $1 $14) 19...
Qxf1+ $1 (19... Rg6 20. Rf3 {[%cal Gf3b3]}) 20. Kxf1 Rxf4+ 21. Kg1 Rxd4 22. Qb3
Rc4 $1 $36 {It is clear that Black got more than enough compensation for the
queen} 23. Rxc4 dxc4 24. Qg3 b5 $1 25. Nc3 Bc5+ $17 26. Kh2 (26. Kf1 Rd2 {
[%csl Rf1]}) 26... a6 (26... Rd2 $5 27. Qg8+ (27. Nxb5 Bf2) 27... Kb7 28. Nxb5
Nxe5 {[%csl Gc5,Gd2,Ge5,Ge6]} 29. Qg3 Rxb2 $17) 27. Nf3 (27. Qf4 $142 $1) 27...
Rd3 {[%cal Gc5a3]} 28. Ne2 $6 ({After the best} 28. Qh4 Bxa3 29. bxa3 Rxc3 30.
Qxh6 $17 {Black still must work well for a victory.}) 28... Rb3 29. Nf4 Rxb2
$19 {[%csl Gb5,Gc4]} 30. Qg8+ Kb7 31. Nxe6 fxe6 32. Qxe6 c3 33. Ne1 (33. Qd5
Kb6) 33... Bd4 (33... Re2 34. Nd3 Bxa3 $19) 34. Nd3 $2 {A simple oversight,
but White's position was beyond rescue.} (34. Qxf5 $142 Bxe5+ 35. Kg1) 34...
Rd2 (34... Rd2 35. Nb4 Bxe5+ 36. Kg1 Rd1+ 37. Kf2 Nxb4 38. axb4 c2 $19) 0-1